|
|
|
|
| LEADER |
01217nam a2200337Ia 4500 |
| 001 |
EBC231838 |
| 003 |
MiAaPQ |
| 005 |
20200520144314.0 |
| 006 |
m o d | |
| 007 |
cr cn||||||||| |
| 008 |
000815s2004 enk s 000 0 eng d |
| 020 |
|
|
|z 1845440315
|
| 035 |
|
|
|a (MiAaPQ)EBC231838
|
| 035 |
|
|
|a (Au-PeEL)EBL231838
|
| 035 |
|
|
|a (CaPaEBR)ebr10069038
|
| 035 |
|
|
|a (CaONFJC)MIL51455
|
| 035 |
|
|
|a (OCoLC)133161848
|
| 040 |
|
|
|a MiAaPQ
|c MiAaPQ
|d MiAaPQ
|
| 050 |
|
4 |
|a TS177
|b .S45 2004
|
| 245 |
0 |
0 |
|a Selected papers from EuroFM Copenhagen 2004
|h [electronic resource] /
|c Guest editors Jan Brochner and Tore I. Haugen.
|
| 260 |
|
|
|a Bradford, England :
|b Emerald Group Publishing,
|c c2004.
|
| 300 |
|
|
|a 50 p.
|
| 490 |
0 |
|
|a Facilities ;
|v v.22, no. 11/12
|
| 533 |
|
|
|a Electronic reproduction. Ann Arbor, MI : ProQuest, 2015. Available via World Wide Web. Access may be limited to ProQuest affiliated libraries.
|
| 650 |
|
0 |
|a Facility management.
|
| 650 |
|
0 |
|a Plant engineering.
|
| 655 |
|
4 |
|a Electronic books.
|
| 700 |
1 |
|
|a Brochner, Jan.
|
| 700 |
1 |
|
|a Haugen, Tore I.
|
| 710 |
2 |
|
|a ProQuest (Firm)
|
| 856 |
4 |
0 |
|u https://ebookcentral.proquest.com/lib/matrademy/detail.action?docID=231838
|z Click to View
|